| 000 | 00477nam a22001697a 4500 | ||
|---|---|---|---|
| 003 | NUST - PNEC | ||
| 005 | 20170116181008.0 | ||
| 008 | 150912b xxu||||| |||| 00| 0 eng d | ||
| 020 | _a0030003490 | ||
| 040 | _cLIBRARY | ||
| 082 | _a001.64 PRI | ||
| 100 |
_99975 _aPrice, Wilson T. |
||
| 245 |
_aComputers and application software : An introduction _cWilson T. Price |
||
| 260 | _cc.1985 | ||
| 650 |
_916798 _aSoftware Engineering _xMIS - Computer Science |
||
| 942 |
_2ddc _cBK |
||
| 999 |
_c66982 _d66982 |
||